000
00326nam a2200133Ia 4500
005
20251222142020.0
008
251222s9999||||xx |||||||||||||| ||spa||
020
_a
84-7774-141-7
082
_a
153.9/B61
100
_a
Blanco Trejo, Florentino
245
0
_a
El Cultivo de la Mente:
264
_b
Machado Libros
942
_c
LIB
999
_c
10608
_d
10608